Все города России - Statistics

General Stats
  • This quiz has been taken 9 477 times
    7 613 since last reset
  • The average score is 125 of 1125
Answer Stats
Население 2025 Регион Город % Correct
13 274 285 Москва Москва
95%
5 652 922 Санкт-Петербург Санкт-Петербург
92%
1 637 266 Новосибирская область Новосибирск
87%
1 154 885 Краснодарский край Краснодар
84%
1 143 123 Ростовская область Ростов-на-Дону
84%
27 050 Ярославская область Ростов Великий
84%
1 176 770 Челябинская область Челябинск
83%
1 154 223 Самарская область Самара
83%
1 101 367 Омская область Омск
82%
1 211 756 Красноярский край Красноярск
81%
1 041 722 Воронежская область Воронеж
81%
1 012 219 Волгоградская область Волгоград
81%
1 027 518 Пермский край Пермь
80%
886 165 Саратовская область Саратов
80%
1 198 245 Нижегородская область Нижний Новгород
79%
872 077 Тюменская область Тюмень
79%
1 329 825 Татарстан Казань
78%
605 708 Иркутская область Иркутск
78%
615 600 Хабаровский край Хабаровск
75%
544 566 Томская область Томск
75%
563 717 Ярославская область Ярославль
74%
536 515 Оренбургская область Оренбург
74%
488 690 Калининградская область Калининград
74%
558 302 Севастополь Севастополь
73%
542 928 Кемеровская область Кемерово
73%
562 964 Ставропольский край Ставрополь
72%
519 315 Рязанская область Рязань
72%
475 871 Кировская область Киров
72%
465 990 Астраханская область Астрахань
72%
434 696 Курская область Курск
72%
341 579 Владимирская область Владимир
72%
27 340 Калужская область Киров
72%
612 516 Ульяновская область Ульяновск
71%
487 978 Пензенская область Пенза
71%
483 040 Липецкая область Липецк
71%
456 813 Тульская область Тула
71%
412 806 Тверская область Тверь
71%
1 548 187 Свердловская область Екатеринбург
70%
321 761 Белгородская область Белгород
69%
372 123 Брянская область Брянск
68%
264 339 Мурманская область Мурманск
68%
1 166 098 Башкортостан Уфа
67%
310 460 Смоленская область Смоленск
66%
294 914 Архангельская область Архангельск
66%
445 149 Краснодарский край Сочи
64%
222 669 Новгородская область Великий Новгород
64%
356 735 Ивановская область Иваново
63%
324 989 Калужская область Калуга
63%
594 201 Приморский край Владивосток
62%
372 801 Якутия Якутск
60%
289 503 Орловская область Орёл
60%
254 940 Тамбовская область Тамбов
60%
311 476 Вологодская область Вологда
59%
300 763 Курганская область Курган
59%
264 952 Костромская область Кострома
59%
399 286 Чечня Грозный
58%
625 322 Дагестан Махачкала
56%
185 486 Псковская область Псков
55%
12 204 Челябинская область Сим
51%
335 009 Крым Симферополь
48%
662 683 Самарская область Тольятти
47%
616 297 Удмуртия Ижевск
45%
435 067 Бурятия Улан-Удэ
45%
113 663 Ханты-Мансийский АО Ханты-Мансийск
45%
285 219 Марий Эл Йошкар-Ола
43%
621 598 Алтайский край Барнаул
42%
497 061 Чувашия Чебоксары
42%
337 063 Забайкальский край Чита
42%
84 804 Краснодарский край Анапа
42%
259 399 Московская область Химки
41%
234 577 Карелия Петрозаводск
41%
90 421 Магаданская область Магадан
41%
548 221 Татарстан Набережные Челны
40%
293 287 Северная Осетия Владикавказ
40%
261 973 Краснодарский край Новороссийск
39%
544 303 Московская область Балашиха
37%
309 349 Мордовия Саранск
37%
162 546 Камчатский край Петропавловск-Камчатский
37%
408 487 Челябинская область Магнитогорск
36%
239 932 Амурская область Благовещенск
35%
181 976 Сахалинская область Южно-Сахалинск
35%
175 773 Красноярский край Норильск
35%
72 013 Крым Ялта
35%
45 334 Ростовская область Донецк
35%
34 988 Башкортостан Благовещенск
35%
528 747 Кемеровская область Новокузнецк
34%
219 094 Коми Сыктывкар
34%
151 103 Крым Керчь
34%
245 588 Кабардино-Балкария Нальчик
33%
328 157 Свердловская область Нижний Тагил
32%
80 534 Краснодарский край Геленджик
32%
36 454 Ленинградская область Луга
32%
432 875 Ханты-Мансийский АО Сургут
31%
313 414 Московская область Подольск
30%
278 693 Московская область Мытищи
30%
233 716 Хабаровский край Комсомольск-на-Амуре
30%
219 111 Ростовская область Шахты
30%
63 848 Алтай Горно-Алтайск
30%
55 702 Коми Воркута
30%
8 395 Ивановская область Комсомольск
30%
185 362 Оренбургская область Орск
29%
184 284 Хакасия Абакан
29%
128 141 Дагестан Дербент
29%
108 274 Приморский край Артем
29%
298 160 Вологодская область Череповец
28%
240 055 Ростовская область Таганрог
28%
222 115 Саратовская область Энгельс
28%
142 895 Ставропольский край Пятигорск
28%
13 224 Чукотский АО Анадырь
28%
196 987 Московская область Красногорск
27%
169 579 Ярославская область Рыбинск
27%
131 981 Тыва Кызыл
27%
104 082 Калмыкия Элиста
27%
293 130 Ханты-Мансийский АО Нижневартовск
26%
238 534 Московская область Люберцы
26%
219 365 Иркутская область Братск
26%
137 899 Адыгея Майкоп
26%
70 443 Ленинградская область Выборг
26%
240 842 Татарстан Нижнекамск
25%
67 212 Еврейская АО Биробиджан
25%
125 931 Ставропольский край Кисловодск
24%
77 024 Нижегородская область Бор
24%
213 410 Нижегородская область Дзержинск
23%
143 048 Московская область Электросталь
23%
112 952 Карачаево-Черкесия Черкесск
23%
105 549 Крым Евпатория
23%
98 476 Московская область Сергиев Посад
23%
81 099 Краснодарский край Ейск
23%
51 054 Марий Эл Волжск
23%
215 937 Белгородская область Старый Оскол
22%
189 797 Московская область Одинцово
22%
179 211 Алтайский край Бийск
22%
158 046 Московская область Домодедово
22%
132 772 Московская область Коломна
22%
99 538 Тюменская область Тобольск
22%
91 514 Ленинградская область Гатчина
22%
68 761 Ставропольский край Минеральные Воды
22%
280 487 Башкортостан Стерлитамак
21%
226 477 Московская область Королёв
21%
178 803 Приморский край Уссурийск
21%
162 908 Ростовская область Волгодонск
21%
159 587 Самарская область Сызрань
21%
104 078 Владимирская область Муром
21%
89 153 Московская область Клин
21%
63 986 Московская область Дмитров
21%
60 089 Краснодарский край Туапсе
21%
49 486 Ямало-Ненецкий АО Салехард
21%
216 973 Иркутская область Ангарск
20%
185 356 Краснодарский край Армавир
20%
164 293 Татарстан Альметьевск
20%
133 859 Приморский край Находка
20%
116 293 Ленинградская область Мурино
20%
112 807 Московская область Пушкино
20%
103 538 Нижегородская область Арзамас
20%
94 959 Курская область Железногорск
20%
84 655 Псковская область Великие Луки
20%
80 081 Красноярский край Железногорск
20%
64 493 Крым Феодосия
20%
29 641 Крым Алушта
20%
20 600 Иркутская область Железногорск-Илимский
20%
19 199 Ингушетия Магас
20%
8 751 Владимирская область Суздаль
20%
313 034 Волгоградская область Волжский
19%
160 312 Свердловская область Каменск-Уральский
19%
155 365 Архангельская область Северодвинск
19%
134 360 Московская область Серпухов
19%
132 965 Калужская область Обнинск
19%
124 038 Ставропольский край Ессентуки
19%
112 014 Ямало-Ненецкий АО Новый Уренгой
19%
104 812 Московская область Орехово-Зуево
19%
88 171 Кемеровская область Ленинск-Кузнецкий
19%
82 425 Ростовская область Каменск-Шахтинский
19%
37 204 Хабаровский край Амурск
19%
12 796 Волгоградская область Ленинск
19%
161 060 Ростовская область Новочеркасск
18%
133 105 Дагестан Каспийск
18%
115 938 Тульская область Новомосковск
18%
79 872 Ростовская область Азов
18%
74 451 Татарстан Елабуга
18%
34 295 Якутия Мирный
18%
27 511 Вологодская область Великий Устюг
18%
27 034 Архангельская область Мирный
18%
146 650 Челябинская область Миасс
17%
133 874 Башкортостан Нефтекамск
17%
93 761 Липецкая область Елец
17%
86 786 Московская область Чехов
17%
77 164 Коми Ухта
17%
54 179 Владимирская область Александров
17%
48 649 Владимирская область Гусь-Хрустальный
17%
38 270 Калининградская область Советск
17%
27 083 Ленинградская область Кировск
17%
23 710 Мурманская область Кировск
17%
14 274 Кировская область Советск
17%
7 318 Тульская область Советск
17%
6 271 Ленинградская область Приморск
17%
4 797 Курская область Суджа
17%
1 482 Калининградская область Приморск
17%
157 244 Челябинская область Златоуст
16%
144 970 Башкортостан Салават
16%
127 831 Владимирская область Ковров
16%
118 065 Московская область Реутов
16%
117 115 Московская область Раменское
16%
74 223 Московская область Дубна
16%
52 619 Тверская область Ржев
16%
24 056 Ненецкий АО Нарьян-Мар
16%
21 409 Воронежская область Павловск
16%
14 854 Калужская область Жуков
16%
9 009 Крым Алупка
16%
180 694 Саратовская область Балаково
15%
161 114 Дагестан Хасавюрт
15%
127 950 Ханты-Мансийский АО Нефтеюганск
15%
104 220 Волгоградская область Камышин
15%
103 403 Московская область Ногинск
15%
99 048 Красноярский край Ачинск
15%
27 318 Калининградская область Балтийск
15%
19 547 Самарская область Октябрьск
15%
17 085 Калининградская область Зеленоградск
15%
143 751 Челябинская область Копейск
14%
127 994 Ингушетия Назрань
14%
125 378 Ростовская область Батайск
14%
120 361 Чувашия Новочебоксарск
14%
118 760 Московская область Долгопрудный
14%
104 550 Ямало-Ненецкий АО Ноябрьск
14%
100 738 Ростовская область Новошахтинск
14%
87 745 Пермский край Соликамск
14%
76 191 Московская область Наро-Фоминск
14%
69 471 Челябинская область Троицк
14%
54 756 Краснодарский край Крымск
14%
48 410 Мурманская область Апатиты
14%
36 199 Северная Осетия Беслан
14%
139 737 Московская область Щёлково
13%
109 831 Московская область Жуковский
13%
98 791 Татарстан Зеленодольск
13%
93 493 Нижегородская область Саров
13%
87 914 Тамбовская область Мичуринск
13%
67 345 Тюменская область Ишим
13%
52 389 Красноярский край Зеленогорск
13%
48 678 Московская область Солнечногорск
13%
39 259 Тверская область Торжок
13%
32 516 Московская область Можайск
13%
25 051 Смоленская область Гагарин
13%
9 618 Рязанская область Михайлов
13%
4 784 Татарстан Иннополис
13%
132 841 Пермский край Березники
12%
121 698 Алтайский край Рубцовск
12%
108 683 Московская область Видное
12%
108 073 Ульяновская область Димитровград
12%
104 982 Томская область Северск
12%
101 987 Новосибирская область Бердск
12%
91 550 Свердловская область Серов
12%
82 353 Московская область Лобня
12%
77 492 Свердловская область Верхняя Пышма
12%
75 965 Пензенская область Кузнецк
12%
75 395 Челябинская область Озерск
12%
60 780 Краснодарский край Славянск-на-Кубани
12%
48 355 Ленинградская область Кингисепп
12%
38 543 Курская область Курчатов
12%
37 915 Московская область Звенигород
12%
37 592 Белгородская область Шебекино
12%
34 783 Волгоградская область Урюпинск
12%
26 746 Московская область Красноармейск
12%
25 394 Московская область Волоколамск
12%
20 925 Саратовская область Красноармейск
12%
19 934 Крым Армянск
12%
17 471 Хабаровский край Николаевск-на-Амуре
12%
17 261 Калининградская область Светлогорск
12%
13 200 Волгоградская область Николаевск
12%
9 397 Ленинградская область Ивангород
12%
745 Якутия Верхоянск
12%
170 429 Кемеровская область Прокопьевск
11%
95 347 Московская область Воскресенск
11%
71 024 Московская область Егорьевск
11%
57 682 Воронежская область Борисоглебск
11%
53 778 Ленинградская область Тихвин
11%
52 971 Ивановская область Шуя
11%
49 932 Смоленская область Вязьма
11%
48 070 Самарская область Жигулевск
11%
44 486 Мурманская область Североморск
11%
41 123 Новосибирская область Куйбышев
11%
34 552 Московская область Истра
11%
31 614 Ярославская область Углич
11%
27 975 Крым Бахчисарай
11%
23 398 Волгоградская область Калач-на-Дону
11%
19 639 Костромская область Буй
11%
18 065 Белгородская область Новый Оскол
11%
17 268 Крым Судак
11%
16 635 Воронежская область Калач
11%
13 247 Адыгея Адыгейск
11%
12 703 Иркутская область Байкальск
11%
5 275 Кировская область Орлов
11%
113 112 Ставропольский край Невинномысск
10%
110 999 Свердловская область Первоуральск
10%
95 137 Удмуртия Воткинск
10%
85 340 Удмуртия Глазов
10%
85 182 Красноярский край Канск
10%
83 150 Белгородская область Губкин
10%
78 851 Татарстан Бугульма
10%
63 979 Кировская область Кирово-Чепецк
10%
63 746 Ленинградская область Сосновый Бор
10%
59 901 Амурская область Белогорск
10%
59 568 Воронежская область Россошь
10%
55 614 Архангельская область Котлас
10%
53 366 Якутия Нерюнгри
10%
51 197 Дагестан Кизляр
10%
35 956 Ярославская область Переславль-Залесский
10%
34 988 Крым Джанкой
10%
34 873 Астраханская область Ахтубинск
10%
21 727 Ставропольский край Железноводск
10%
19 459 Красноярский край Дудинка
10%
17 868 Красноярский край Енисейск
10%
17 533 Крым Белогорск
10%
15 071 Московская область Руза
10%
14 593 Карелия Сортавала
10%
4 291 Калининградская область Озерск
10%
116 510 Башкортостан Октябрьский
9%
95 862 Самарская область Новокуйбышевск
9%
88 388 Удмуртия Сарапул
9%
88 202 Оренбургская область Бузулук
9%
77 092 Кемеровская область Юрга
9%
77 034 Иркутская область Усть-Илимск
9%
75 289 Московская область Котельники
9%
74 382 Пермский край Чайковский
9%
74 197 Ивановская область Кинешма
9%
73 854 Краснодарский край Кропоткин
9%
71 959 Саратовская область Балашов
9%
68 034 Красноярский край Минусинск
9%
67 067 Курганская область Шадринск
9%
61 153 Брянская область Клинцы
9%
58 535 Московская область Фрязино
9%
58 220 Тульская область Алексин
9%
56 258 Ставропольский край Будённовск
9%
51 778 Воронежская область Лиски
9%
44 687 Московская область Краснознаменск
9%
42 884 Тверская область Вышний Волочек
9%
37 337 Ленинградская область Волхов
9%
31 676 Ленинградская область Тосно
9%
28 313 Саратовская область Маркс
9%
27 772 Мурманская область Кандалакша
9%
25 228 Оренбургская область Соль-Илецк
9%
25 164 Саратовская область Петровск
9%
21 007 Якутия Ленск
9%
18 060 Московская область Электроугли
9%
17 381 Владимирская область Покров
9%
16 539 Калужская область Козельск
9%
14 303 Забайкальский край Петровск-Забайкальский
9%
9 779 Свердловская область Верхний Тагил
9%
7 569 Псковская область Дно
9%
3 895 Чукотский АО Певек
9%
3 256 Калининградская область Краснознаменск
9%
1 344 Красноярский край Артемовск
9%
113 701 Ставропольский край Михайловск
8%
94 435 Кемеровская область Междуреченск
8%
78 533 Ленинградская область Всеволожск
8%
76 982 Свердловская область Новоуральск
8%
75 672 Хакасия Черногорск
8%
70 190 Дагестан Буйнакск
8%
65 331 Московская область Павловский Посад
8%
64 641 Чечня Гудермес
8%
63 151 Московская область Ступино
8%
62 742 Башкортостан Белорецк
8%
60 946 Пермский край Кунгур
8%
57 844 Татарстан Чистополь
8%
56 605 Ростовская область Сальск
8%
55 518 Свердловская область Асбест
8%
54 451 Красноярский край Лесосибирск
8%
54 009 Краснодарский край Тихорецк
8%
49 004 Ростовская область Аксай
8%
44 433 Московская область Кашира
8%
42 634 Краснодарский край Горячий Ключ
8%
38 955 Московская область Апрелевка
8%
38 810 Мурманская область Мончегорск
8%
34 841 Северная Осетия Моздок
8%
34 246 Ростовская область Миллерово
8%
33 766 Коми Печора
8%
30 434 Воронежская область Нововоронеж
8%
29 681 Иркутская область Зима
8%
28 600 Калининградская область Гусев
8%
26 696 Челябинская область Аша
8%
26 285 Новгородская область Старая Русса
8%
23 841 Карачаево-Черкесия Карачаевск
8%
23 336 Ставропольский край Лермонтов
8%
20 253 Московская область Зарайск
8%
19 354 Сахалинская область Оха
8%
11 497 Карелия Медвежьегорск
8%
10 132 Пермский край Александровск
8%
9 626 Свердловская область Михайловск
8%
8 689 Мурманская область Кола
8%
8 529 Сахалинская область Александровск-Сахалинский
8%
7 221 Карелия Беломорск
8%
5 435 Ярославская область Мышкин
8%
3 045 Новгородская область Холм
8%
2 537 Сахалинская область Курильск
8%
84 203 Московская область Ивантеевка
7%
73 994 Оренбургская область Новотроицк
7%
68 384 Ленинградская область Кудрово
7%
68 211 Самарская область Чапаевск
7%
66 862 Кемеровская область Белово
7%
63 683 Ханты-Мансийский АО Нягань
7%
61 118 Нижегородская область Кстово
7%
60 056 Татарстан Лениногорск
7%
59 275 Дагестан Избербаш
7%
57 308 Московская область Дзержинский
7%
55 434 Краснодарский край Лабинск
7%
51 101 Краснодарский край Тимашевск
7%
49 235 Ленинградская область Кириши
7%
45 961 Ханты-Мансийский АО Радужный
7%
44 046 Ямало-Ненецкий АО Надым
7%
43 640 Липецкая область Грязи
7%
43 208 Смоленская область Рославль
7%
43 035 Чувашия Канаш
7%
42 256 Орловская область Ливны
7%
40 415 Краснодарский край Темрюк
7%
38 572 Краснодарский край Усть-Лабинск
7%
38 440 Краснодарский край Абинск
7%
37 350 Свердловская область Красноуфимск
7%
36 964 Челябинская область Южноуральск
7%
36 779 Камчатский край Елизово
7%
35 793 Белгородская область Алексеевка
7%
35 704 Свердловская область Алапаевск
7%
35 438 Иркутская область Усть-Кут
7%
35 116 Орловская область Мценск
7%
34 965 Тульская область Ефремов
7%
32 673 Дагестан Дагестанские Огни
7%
31 437 Алтайский край Камень-на-Оби
7%
31 207 Новосибирская область Обь
7%
30 989 Чувашия Алатырь
7%
27 626 Амурская область Тында
7%
25 026 Крым Красноперекопск
7%
24 375 Бурятия Северобайкальск
7%
23 388 Крым Саки
7%
23 210 Новосибирская область Татарск
7%
21 837 Якутия Алдан
7%
20 655 Псковская область Остров
7%
19 968 Татарстан Арск
7%
19 310 Тверская область Бологое
7%
17 478 Владимирская область Радужный
7%
15 912 Астраханская область Камызяк
7%
15 691 Архангельская область Онега
7%
14 494 Курская область Рыльск
7%
13 872 Ленинградская область Шлиссельбург
7%
13 601 Новгородская область Валдай
7%
9 388 Карелия Кемь
7%
2 963 Тверская область Белый
7%
1 796 Ивановская область Плес
7%
80 115 Кемеровская область Киселевск
6%
73 292 Алтайский край Новоалтайск
6%
71 694 Иркутская область Усолье-Сибирское
6%
66 930 Московская область Лыткарино
6%
64 066 Ханты-Мансийский АО Когалым
6%
63 942 Кемеровская область Анжеро-Судженск
6%
63 830 Чечня Урус-Мартан
6%
63 378 Ингушетия Сунжа
6%
61 978 Башкортостан Ишимбай
6%
61 046 Ставропольский край Георгиевск
6%
60 752 Свердловская область Березовский
6%
60 009 Кабардино-Балкария Прохладный
6%
58 831 Свердловская область Ревда
6%
56 748 Башкортостан Кумертау
6%
55 307 Нижегородская область Павлово
6%
55 225 Чечня Шали
6%
55 056 Свердловская область Краснотурьинск
6%
54 190 Краснодарский край Белореченск
6%
52 825 Саратовская область Вольск
6%
52 177 Тульская область Щекино
6%
50 711 Челябинская область Снежинск
6%
47 994 Свердловская область Лесной
6%
44 611 Башкортостан Бирск
6%
44 341 Челябинская область Чебаркуль
6%
43 842 Нижегородская область Выкса
6%
43 726 Хакасия Саяногорск
6%
43 254 Кемеровская область Березовский
6%
43 065 Удмуртия Можга
6%
42 899 Калужская область Малоярославец
6%
42 126 Чечня Аргун
6%
39 883 Кемеровская область Мариинск
6%
39 568 Ханты-Мансийский АО Югорск
6%
38 441 Тверская область Кимры
6%
36 428 Московская область Шатура
6%
36 178 Свердловская область Ирбит
6%
35 066 Калининградская область Черняховск
6%
34 370 Приморский край Спасск-Дальний
6%
32 984 Ленинградская область Сланцы
6%
31 199 Белгородская область Валуйки
6%
30 180 Московская область Дедовск
6%
30 044 Московская область Электрогорск
6%
29 805 Московская область Луховицы
6%
28 010 Нижегородская область Городец
6%
27 234 Рязанская область Касимов
6%
27 010 Красноярский край Дивногорск
6%
26 874 Омская область Тара
6%
26 462 Ямало-Ненецкий АО Лабытнанги
6%
25 704 Карелия Костомукша
6%
24 689 Карелия Кондопога
6%
23 705 Свердловская область Североуральск
6%
23 232 Хабаровский край Советская Гавань
6%
22 371 Татарстан Менделеевск
6%
21 050 Московская область Бронницы
6%
20 610 Мурманская область Оленегорск
6%
18 996 Пензенская область Никольск
6%
18 737 Коми Инта
6%
18 352 Московская область Черноголовка
6%
17 920 Ленинградская область Приозерск
6%
17 717 Самарская область Нефтегорск
6%
16 554 Курская область Льгов
6%
15 292 Ленинградская область Бокситогорск
6%
14 602 Ростовская область Цимлянск
6%
14 165 Воронежская область Богучар
6%
12 059 Владимирская область Петушки
6%
11 823 Хакасия Абаза
6%
8 107 Татарстан Болгар
6%
7 931 Вологодская область Белозерск
6%
7 522 Вологодская область Никольск
6%
6 803 Пензенская область Спасск
6%
6 412 Пермский край Усолье
6%
5 534 Рязанская область Спасск-Рязанский
6%
5 467 Чукотский АО Билибино
6%
2 314 Сахалинская область Северо-Курильск
6%
875 Тульская область Чекалин
6%
72 273 Ленинградская область Сертолово
5%
67 209 Башкортостан Туймазы
5%
61 740 Тульская область Донской
5%
58 615 Башкортостан Белебей
5%
58 597 Пензенская область Заречный
5%
58 316 Ростовская область Гуково
5%
56 509 Новосибирская область Искитим
5%
55 354 Башкортостан Сибай
5%
54 847 Башкортостан Мелеуз
5%
54 343 Волгоградская область Михайловка
5%
52 258 Пермский край Лысьва
5%
51 358 Забайкальский край Краснокаменск
5%
47 051 Пермский край Краснокамск
5%
46 543 Приморский край Арсеньев
5%
46 325 Новгородская область Боровичи
5%
41 792 Оренбургская область Бугуруслан
5%
39 801 Смоленская область Ярцево
5%
39 306 Саратовская область Пугачев
5%
39 047 Краснодарский край Апшеронск
5%
39 009 Ярославская область Тутаев
5%
38 824 Тюменская область Ялуторовск
5%
38 597 Ростовская область Белая Калитва
5%
38 049 Тамбовская область Моршанск
5%
36 094 Свердловская область Реж
5%
35 058 Челябинская область Кыштым
5%
33 917 Московская область Ликино-Дулёво
5%
33 690 Вологодская область Сокол
5%
32 310 Приморский край Дальнегорск
5%
32 105 Оренбургская область Гай
5%
31 192 Коми Усинск
5%
28 943 Калининградская область Гурьевск
5%
28 905 Пермский край Кудымкар
5%
28 230 Свердловская область Заречный
5%
25 852 Тамбовская область Котовск
5%
25 814 Владимирская область Киржач
5%
24 730 Сахалинская область Холмск
5%
24 406 Смоленская область Десногорск
5%
23 952 Московская область Озёры
5%
23 753 Ростовская область Морозовск
5%
23 638 Московская область Кубинка
5%
23 487 Астраханская область Знаменск
5%
22 998 Ставропольский край Нефтекумск
5%
21 502 Архангельская область Вельск
5%
21 487 Кемеровская область Гурьевск
5%
20 754 Калининградская область Светлый
5%
19 822 Татарстан Агрыз
5%
19 229 Московская область Пущино
5%
19 068 Пермский край Оса
5%
18 911 Марий Эл Козьмодемьянск
5%
18 886 Липецкая область Лебедянь
5%
18 486 Амурская область Зея
5%
18 394 Ленинградская область Лодейное Поле
5%
17 305 Брянская область Стародуб
5%
17 048 Московская область Талдом
5%
15 894 Тверская область Осташков
5%
14 758 Красноярский край Бородино
5%
13 957 Якутия Удачный
5%
13 791 Московская область Яхрома
5%
13 734 Мурманская область Заполярный
5%
13 496 Ярославская область Данилов
5%
13 444 Тверская область Кашин
5%
13 014 Псковская область Невель
5%
12 801 Нижегородская область Первомайск
5%
12 358 Костромская область Галич
5%
12 311 Тульская область Белев
5%
12 133 Мурманская область Полярный
5%
11 946 Якутия Покровск
5%
11 852 Тверская область Калязин
5%
9 980 Якутия Вилюйск
5%
8 066 Кировская область Кирс
5%
7 748 Смоленская область Ельня
5%
7 503 Иркутская область Бодайбо
5%
5 669 Белгородская область Грайворон
5%
4 836 Московская область Верея
5%
4 152 Магаданская область Сусуман
5%
3 576 Красноярский край Игарка
5%
53 203 Ханты-Мансийский АО Мегион
4%
52 879 Иркутская область Черемхово
4%
49 825 Амурская область Свободный
4%
47 558 Тульская область Узловая
4%
46 915 Нижегородская область Балахна
4%
46 089 Краснодарский край Курганинск
4%
44 797 Ханты-Мансийский АО Лангепас
4%
44 047 Пермский край Чусовой
4%
41 660 Мордовия Рузаевка
4%
41 251 Ханты-Мансийский АО Урай
4%
41 213 Ханты-Мансийский АО Пыть-Ях
4%
40 944 Краснодарский край Кореновск
4%
40 819 Красноярский край Сосновоборск
4%
40 387 Приморский край Большой Камень
4%
40 276 Кабардино-Балкария Баксан
4%
39 601 Дагестан Кизилюрт
4%
38 363 Татарстан Заинск
4%
37 852 Брянская область Новозыбков
4%
37 450 Ставропольский край Изобильный
4%
37 270 Московская область Протвино
4%
37 165 Томская область Стрежевой
4%
36 477 Самарская область Кинель
4%
35 725 Иркутская область Саянск
4%
35 170 Ямало-Ненецкий АО Губкинский
4%
34 694 Ростовская область Красный Сулин
4%
34 617 Ленинградская область Бугры
4%
34 406 Ставропольский край Светлоград
4%
34 289 Приморский край Лесозаводск
4%
33 933 Волгоградская область Фролово
4%
33 823 Татарстан Азнакаево
4%
33 818 Нижегородская область Богородск
4%
33 225 Иркутская область Тайшет
4%
33 048 Краснодарский край Новокубанск
4%
32 868 Татарстан Нурлат
4%
32 772 Сахалинская область Корсаков
4%
32 477 Пензенская область Каменка
4%
32 366 Архангельская область Новодвинск
4%
31 919 Калужская область Балабаново
4%
31 773 Свердловская область Тавда
4%
31 687 Ханты-Мансийский АО Советский
4%
31 169 Тверская область Конаково
4%
30 084 Краснодарский край Приморско-Ахтарск
4%
29 574 Свердловская область Богданович
4%
29 271 Иркутская область Нижнеудинск
4%
29 133 Нижегородская область Богородицк
4%
28 988 Забайкальский край Борзя
4%
28 574 Кировская область Вятские Поляны
4%
27 357 Тюменская область Заводоуковск
4%
27 290 Челябинская область Еманжелинск
4%
27 184 Новосибирская область Барабинск
4%
27 040 Алтайский край Славгород
4%
26 915 Свердловская область Камышлов
4%
26 210 Кабардино-Балкария Майский
4%
25 830 Ленинградская область Коммунар
4%
25 290 Ленинградская область Отрадное
4%
24 517 Нижегородская область Семенов
4%
24 401 Томская область Асино
4%
24 343 Алтайский край Алейск
4%
24 103 Свердловская область Среднеуральск
4%
24 055 Рязанская область Скопин
4%
23 443 Белгородская область Строитель
4%
23 305 Ростовская область Зерноград
4%
22 878 Московская область Голицыно
4%
22 723 Оренбургская область Медногорск
4%
22 569 Камчатский край Вилючинск
4%
22 521 Приморский край Дальнереченск
4%
22 506 Карелия Сегежа
4%
21 881 Челябинская область Верхний Уфалей
4%
21 717 Кемеровская область Тайга
4%
21 165 Рязанская область Рыбное
4%
21 159 Свердловская область Красноуральск
4%
20 612 Московская область Хотьково
4%
20 588 Челябинская область Усть-Катав
4%
20 550 Тверская область Бежецк
4%
20 534 Рязанская область Сасово
4%
20 413 Воронежская область Бобров
4%
20 245 Свердловская область Сысерть
4%
19 886 Рязанская область Ряжск
4%
19 869 Костромская область Шарья
4%
19 495 Татарстан Буинск
4%
19 328 Кировская область Котельнич
4%
19 171 Приморский край Фокино
4%
18 234 Свердловская область Кировград
4%
18 010 Архангельская область Няндома
4%
17 758 Бурятия Кяхта
4%
17 201 Тульская область Суворов
4%
16 719 Оренбургская область Абдулино
4%
16 388 Владимирская область Юрьев-Польский
4%
16 384 Волгоградская область Краснослободск
4%
15 819 Татарстан Мамадыш
4%
15 705 Тамбовская область Кирсанов
4%
14 873 Алтайский край Белокуриха
4%
14 752 Тульская область Ясногорск
4%
14 321 Московская область Краснозаводск
4%
13 866 Калининградская область Гвардейск
4%
13 756 Калмыкия Лагань
4%
13 708 Свердловская область Ивдель
4%
13 548 Башкортостан Агидель
4%
13 296 Ленинградская область Светогорск
4%
12 857 Чувашия Цивильск
4%
12 619 Калужская область Боровск
4%
12 229 Ленинградская область Сясьстрой
4%
11 943 Брянская область Фокино
4%
11 895 Тыва Ак-Довурак
4%
11 892 Владимирская область Гороховец
4%
11 650 Вологодская область Бабаево
4%
11 077 Нижегородская область Чкаловск
4%
10 492 Крым Старый Крым
4%
10 134 Мурманская область Снежногорск
4%
10 060 Челябинская область Карабаш
4%
9 648 Калужская область Таруса
4%
9 504 Крым Щелкино
4%
9 447 Липецкая область Задонск
4%
9 405 Псковская область Печоры
4%
9 216 Псковская область Опочка
4%
8 660 Вологодская область Тотьма
4%
8 635 Челябинская область Верхнеуральск
4%
8 524 Мордовия Краснослободск
4%
8 522 Мордовия Ардатов
4%
8 304 Свердловская область Волчанск
4%
8 161 Калмыкия Городовиковск
4%
8 037 Амурская область Циолковский
4%
7 474 Карелия Олонец
4%
7 069 Ленинградская область Новая Ладога
4%
6 971 Вологодская область Кириллов
4%
6 414 Тверская область Андреаполь
4%
6 411 Калининградская область Багратионовск
4%
5 944 Курская область Дмитриев
4%
5 860 Тверская область Весьегонск
4%
5 663 Рязанская область Шацк
4%
5 136 Орловская область Дмитровск
4%
4 209 Бурятия Бабушкин
4%
3 194 Псковская область Гдов
4%
1 768 Архангельская область Сольвычегодск
4%
1 122 Ленинградская область Высоцк
4%
53 366 Свердловская область Полевской
3%
46 264 Тамбовская область Рассказово
3%
46 123 Самарская область Отрадный
3%
43 770 Красноярский край Назарово
3%
41 556 Челябинская область Сатка
3%
40 666 Иркутская область Шелехов
3%
39 804 Алтайский край Заринск
3%
39 766 Свердловская область Верхняя Салда
3%
38 704 Ингушетия Малгобек
3%
37 366 Иркутская область Тулун
3%
37 324 Владимирская область Кольчугино
3%
36 779 Смоленская область Сафоново
3%
36 776 Саратовская область Ртищево
3%
36 252 Свердловская область Качканар
3%
35 930 Нижегородская область Заволжье
3%
35 915 Башкортостан Учалы
3%
35 832 Челябинская область Коркино
3%
33 815 Владимирская область Вязники
3%
33 419 Архангельская область Коряжма
3%
33 247 Пермский край Чернушка
3%
32 911 Краснодарский край Гулькевичи
3%
32 800 Ставропольский край Зеленокумск
3%
32 641 Красноярский край Шарыпово
3%
32 635 Приморский край Партизанск
3%
31 685 Карачаево-Черкесия Усть-Джегута
3%
30 706 Башкортостан Дюртюли
3%
30 632 Ставропольский край Благодарный
3%
30 549 Воронежская область Острогожск
3%
29 988 Чечня Ачхой-Мартан
3%
29 831 Московская область Лосино-Петровский
3%
29 529 Ямало-Ненецкий АО Муравленко
3%
29 228 Ивановская область Вичуга
3%
28 609 Ивановская область Фурманов
3%
28 546 Свердловская область Артемовский
3%
27 686 Оренбургская область Сорочинск
3%
25 718 Ставропольский край Новоалександровск
3%
25 554 Чувашия Шумерля
3%
25 274 Башкортостан Янаул
3%
25 163 Ставропольский край Ипатово
3%
24 918 Свердловская область Карпинск
3%
24 716 Тверская область Удомля
3%
24 319 Бурятия Гусиноозерск
3%
23 944 Московская область Старая Купавна
3%
23 872 Брянская область Дятьково
3%
23 648 Воронежская область Бутурлиновка
3%
23 491 Брянская область Унеча
3%
22 368 Пермский край Губаха
3%
22 334 Кабардино-Балкария Тырныауз
3%
22 079 Свердловская область Невьянск
3%
21 987 Ямало-Ненецкий АО Тарко-Сале
3%
21 700 Краснодарский край Хадыженск
3%
21 671 Коми Сосногорск
3%
21 583 Саратовская область Аткарск
3%
21 253 Северная Осетия Алагир
3%
21 106 Ростовская область Семикаракорск
3%
20 897 Татарстан Бавлы
3%
20 757 Московская область Рошаль
3%
20 724 Кемеровская область Калтан
3%
20 559 Свердловская область Арамиль
3%
20 168 Омская область Калачинск
3%
20 154 Кабардино-Балкария Терек
3%
19 955 Волгоградская область Котово
3%
19 887 Томская область Колпашево
3%
19 861 Ханты-Мансийский АО Белоярский
3%
19 830 Ленинградская область Пикалёво
3%
19 445 Омская область Исилькуль
3%
19 165 Липецкая область Усмань
3%
18 960 Северная Осетия Ардон
3%
18 954 Костромская область Нерехта
3%
18 314 Липецкая область Данков
3%
18 246 Ростовская область Зверево
3%
17 906 Иркутская область Слюдянка
3%
17 789 Татарстан Кукмор
3%
17 510 Свердловская область Нижняя Тура
3%
17 507 Башкортостан Баймак
3%
17 245 Красноярский край Боготол
3%
17 116 Нижегородская область Шахунья
3%
16 972 Саратовская область Ершов
3%
16 896 Тульская область Плавск
3%
16 859 Ростовская область Константиновск
3%
16 593 Брянская область Карачев
3%
16 407 Рязанская область Новомичуринск
3%
16 406 Алтайский край Яровое
3%
15 947 Челябинская область Бакал
3%
15 929 Свердловская область Нижняя Салда
3%
15 928 Сахалинская область Поронайск
3%
15 817 Татарстан Мензелинск
3%
15 737 Ульяновская область Инза
3%
15 482 Хабаровский край Бикин
3%
15 475 Башкортостан Межгорье
3%
15 379 Ярославская область Гаврилов-Ям
3%
15 324 Ленинградская область Подпорожье
3%
15 308 Новосибирская область Болотное
3%
15 241 Оренбургская область Ясный
3%
15 170 Мурманская область Ковдор
3%
15 096 Забайкальский край Нерчинск
3%
14 748 Пермский край Кизел
3%
14 618 Челябинская область Касли
3%
14 547 Саратовская область Калининск
3%
14 345 Курская область Щигры
3%
14 283 Брянская область Почеп
3%
14 205 Ульяновская область Барыш
3%
14 155 Вологодская область Грязовец
3%
13 998 Костромская область Волгореченск
3%
13 978 Мурманская область Полярные Зори
3%
13 843 Пермский край Красновишерск
3%
13 776 Новгородская область Чудово
3%
13 483 Кировская область Яранск
3%
13 437 Московская область Белоозёрский
3%
13 309 Ульяновская область Новоульяновск
3%
13 117 Брянская область Трубчевск
3%
12 965 Московская область Высоковск
3%
12 647 Хабаровский край Вяземский
3%
12 306 Тульская область Венев
3%
12 156 Московская область Дрезна
3%
11 853 Сахалинская область Долинск
3%
11 498 Липецкая область Чаплыгин
3%
11 421 Московская область Пересвет
3%
11 293 Ленинградская область Волосово
3%
10 827 Новосибирская область Чулым
3%
10 824 Тверская область Торопец
3%
10 700 Дагестан Южно-Сухокумск
3%
10 657 Пермский край Горнозаводск
3%
10 454 Свердловская область Новая Ляля
3%
10 105 Татарстан Тетюши
3%
10 104 Вологодская область Вытегра
3%
9 896 Челябинская область Юрюзань
3%
9 664 Сахалинская область Анива
3%
9 477 Новгородская область Малая Вишера
3%
9 401 Мурманская область Гаджиево
3%
9 133 Орловская область Болхов
3%
9 110 Алтайский край Змеиногорск
3%
9 052 Татарстан Лаишево
3%
9 002 Калининградская область Неман
3%
8 648 Архангельская область Каргополь
3%
8 470 Якутия Олекминск
3%
8 279 Свердловская область Верхняя Тура
3%
8 231 Ивановская область Заволжск
3%
8 149 Курганская область Петухово
3%
7 887 Карелия Питкяранта
3%
7 745 Мурманская область Заозерск
3%
7 695 Еврейская АО Облучье
3%
7 662 Пензенская область Городище
3%
7 487 Тверская область Западная Двина
3%
7 468 Марий Эл Мариинский Посад
3%
7 467 Нижегородская область Ветлуга
3%
7 439 Костромская область Нея
3%
7 358 Сахалинская область Углегорск
3%
7 245 Ивановская область Юрьевец
3%
6 964 Ленинградская область Каменногорск
3%
6 628 Тверская область Старица
3%
6 545 Карелия Суоярви
3%
6 455 Свердловская область Верхотурье
3%
6 399 Калужская область Юхнов
3%
6 339 Брянская область Севск
3%
6 328 Амурская область Сковородино
3%
6 114 Тверская область Зубцов
3%
5 637 Карелия Лахденпохья
3%
5 518 Сахалинская область Макаров
3%
5 488 Воронежская область Новохопёрск
3%
5 297 Костромская область Солигалич
3%
5 058 Ивановская область Гаврилов Посад
3%
5 020 Иркутская область Алзамай
3%
4 255 Ленинградская область Любань
3%
3 153 Якутия Среднеколымск
3%
2 797 Архангельская область Мезень
3%
1 225 Мурманская область Островной
3%
44 643 Ингушетия Карабулак
2%
42 530 Ханты-Мансийский АО Лянтор
2%
38 740 Кемеровская область Осинники
2%
38 720 Кемеровская область Мыски
2%
34 621 Калужская область Людиново
2%
33 119 Кабардино-Балкария Нарткала
2%
32 496 Челябинская область Трехгорный
2%
32 293 Свердловская область Сухой Лог
2%
31 020 Нижегородская область Кулебаки
2%
29 225 Пензенская область Сердобск
2%
28 210 Пермский край Добрянка
2%
28 103 Воронежская область Семилуки
2%
27 917 Кировская область Слободской
2%
26 675 Челябинская область Карталы
2%
26 648 Кемеровская область Топки
2%
26 347 Свердловская область Кушва
2%
26 133 Оренбургская область Кувандык
2%
25 950 Тульская область Кимовск
2%
25 240 Тульская область Киреевск
2%
25 177 Кемеровская область Полысаево
2%
24 569 Новосибирская область Карасук
2%
24 271 Чечня Курчалой
2%
23 407 Ленинградская область Тельмана
2%
22 754 Тамбовская область Уварово
2%
22 056 Волгоградская область Котельниково
2%
21 886 Пермский край Верещагино
2%
21 209 Кемеровская область Таштагол
2%
21 186 Ленинградская область Никольское
2%
21 161 Кабардино-Балкария Чегем
2%
21 092 Иркутская область Вихоревка
2%
21 030 Нижегородская область Лысково
2%
21 013 Башкортостан Давлеканово
2%
20 490 Ставропольский край Новопавловск
2%
20 244 Новосибирская область Тогучин
2%
19 931 Московская область Куровское
2%
19 864 Пензенская область Нижний Ломов
2%
19 706 Новосибирская область Черепаново
2%
19 465 Нижегородская область Сергач
2%
19 314 Мордовия Ковылкино
2%
18 909 Волгоградская область Суровикино
2%
18 878 Кировская область Омутнинск
2%
18 750 Ростовская область Пролетарск
2%
18 073 Астраханская область Харабали
2%
17 705 Чечня Наурская
2%
17 530 Тверская область Нелидово
2%
17 134 Брянская область Жуковка
2%
16 675 Челябинская область Куса
2%
16 587 Ханты-Мансийский АО Покачи
2%
16 453 Свердловская область Туринск
2%
16 246 Владимирская область Собинка
2%
16 070 Пермский край Нытва
2%
16 045 Курганская область Шумиха
2%
15 609 Амурская область Райчихинск
2%
15 328 Красноярский край Иланский
2%
15 207 Брянская область Сельцо
2%
15 130 Иркутская область Свирск
2%
15 003 Волгоградская область Жирновск
2%
14 954 Ленинградская область Колтуши
2%
14 831 Свердловская область Дегтярск
2%
14 813 Саратовская область Новоузенск
2%
14 773 Новосибирская область Купино
2%
14 629 Курганская область Куртамыш
2%
14 491 Волгоградская область Дубовка
2%
14 471 Свердловская область Талица
2%
14 284 Калужская область Сухиничи
2%
14 138 Красноярский край Ужур
2%
14 137 Пермский край Очер
2%
14 025 Челябинская область Катав-Ивановск
2%
13 874 Ивановская область Приволжск
2%
13 611 Саратовская область Красный Кут
2%
13 598 Новгородская область Пестово
2%
13 383 Тамбовская область Жердевка
2%
13 318 Чечня Шелковская
2%
12 657 Красноярский край Кодинск
2%
12 649 Калининградская область Пионерский
2%
12 450 Костромская область Мантурово
2%
12 400 Ивановская область Южа
2%
12 315 Волгоградская область Петров Вал
2%
12 242 Нижегородская область Урень
2%
12 148 Владимирская область Лакинск
2%
12 023 Забайкальский край Могоча
2%
11 779 Красноярский край Уяр
2%
11 740 Калужская область Ермолино
2%
11 679 Владимирская область Камешково
2%
11 593 Тыва Шагонар
2%
11 593 Саратовская область Хвалынск
2%
11 530 Забайкальский край Шилка
2%
11 473 Курская область Обоянь
2%
11 309 Курганская область Катайск
2%
11 172 Курганская область Далматово
2%
10 909 Брянская область Сураж
2%
10 798 Астраханская область Нариманов
2%
10 682 Калужская область Белоусово
2%
10 638 Иркутская область Киренск
2%
10 564 Тверская область Лихославль
2%
10 556 Бурятия Закаменск
2%
10 525 Коми Емва
2%
10 501 Марий Эл Звенигово
2%
10 477 Саратовская область Аркадак
2%
10 457 Сахалинская область Невельск
2%
10 144 Омская область Называевск
2%
10 120 Северная Осетия Дигора
2%
10 080 Красноярский край Заозерный
2%
9 999 Якутия Нюрба
2%
9 904 Хакасия Сорск
2%
9 889 Владимирская область Судогда
2%
9 872 Нижегородская область Ворсма
2%
9 842 Удмуртия Камбарка
2%
9 666 Воронежская область Эртиль
2%
9 650 Забайкальский край Хилок
2%
9 559 Омская область Тюкалинск
2%
9 337 Алтайский край Горняк
2%
9 315 Кировская область Белая Холуница
2%
9 154 Тульская область Болохово
2%
9 093 Новгородская область Окуловка
2%
8 963 Карачаево-Черкесия Теберда
2%
8 962 Смоленская область Дорогобуж
2%
8 921 Тверская область Кувшиново
2%
8 845 Коми Вуктыл
2%
8 501 Кировская область Луза
2%
8 408 Смоленская область Рудня
2%
8 389 Волгоградская область Серафимович
2%
8 382 Пензенская область Белинский
2%
8 374 Иркутская область Бирюсинск
2%
8 292 Тульская область Липки
2%
8 229 Вологодская область Харовск
2%
8 210 Кировская область Уржум
2%
8 197 Коми Микунь
2%
8 177 Калининградская область Мамоново
2%
8 095 Новосибирская область Каргат
2%
8 057 Калужская область Медынь
2%
7 949 Кировская область Сосновка
2%
7 945 Кировская область Нолинск
2%
7 856 Пермский край Гремячинск
2%
7 831 Курганская область Щучье
2%
7 626 Чувашия Ядрин
2%
7 579 Вологодская область Устюжна
2%
7 385 Чувашия Козловка
2%
6 991 Карелия Пудож
2%
6 933 Белгородская область Бирюч
2%
6 876 Калининградская область Полесск
2%
6 727 Брянская область Мглин
2%
6 692 Псковская область Порхов
2%
6 615 Кировская область Малмыж
2%
6 224 Мордовия Темников
2%
6 169 Пермский край Оханск
2%
6 153 Якутия Томмот
2%
6 143 Смоленская область Демидов
2%
5 861 Псковская область Себеж
2%
5 838 Смоленская область Велиж
2%
5 747 Забайкальский край Сретенск
2%
5 356 Калужская область Жиздра
2%
5 325 Костромская область Макарьев
2%
5 265 Псковская область Пыталово
2%
5 123 Белгородская область Короча
2%
5 121 Брянская область Злынка
2%
5 060 Ярославская область Любим
2%
5 031 Ярославская область Пошехонье
2%
4 830 Тверская область Красный Холм
2%
4 807 Тыва Туран
2%
4 572 Курская область Фатеж
2%
4 455 Рязанская область Спас-Клепики
2%
4 413 Пермский край Чердынь
2%
4 365 Архангельская область Шенкурск
2%
4 095 Костромская область Чухлома
2%
3 930 Калининградская область Славск
2%
3 905 Калининградская область Правдинск
2%
3 762 Псковская область Пустошка
2%
3 612 Калининградская область Ладушкин
2%
3 517 Орловская область Малоархангельск
2%
3 293 Калининградская область Нестеров
2%
3 061 Псковская область Новоржев
2%
2 847 Орловская область Новосиль
2%
2 299 Костромская область Кологрив
2%
1 925 Нижегородская область Горбатов
2%
1 829 Томская область Кедровый
2%
35 163 Чечня Ойсхара
1%
30 398 Ивановская область Тейково
1%
29 933 Ивановская область Кохма
1%
26 389 Самарская область Похвистнево
1%
23 610 Ивановская область Родники
1%
18 185 Челябинская область Пласт
1%
16 224 Воронежская область Поворино
1%
15 913 Амурская область Шимановск
1%
15 390 Калужская область Кондрово
1%
14 708 Волгоградская область Новоаннинский
1%
14 456 Волгоградская область Палласовка
1%
14 010 Нижегородская область Навашино
1%
12 765 Владимирская область Карабаново
1%
12 725 Владимирская область Меленки
1%
12 503 Чечня Серноводское
1%
12 278 Нижегородская область Лукоянов
1%
11 402 Калужская область Кременки
1%
11 215 Калужская область Сосенский
1%
11 039 Владимирская область Струнино
1%
9 939 Челябинская область Нязепетровск
1%
9 880 Забайкальский край Балей
1%
9 843 Рязанская область Кораблино
1%
9 487 Нижегородская область Володарск
1%
9 427 Тыва Чадан
1%
9 327 Кировская область Зуевка
1%
8 917 Амурская область Завитинск
1%
8 776 Нижегородская область Перевоз
1%
8 049 Челябинская область Миньяр
1%
7 999 Новгородская область Сольцы
1%
7 639 Ивановская область Наволоки
1%
7 598 Свердловская область Нижние Серги
1%
7 504 Мордовия Инсар
1%
7 414 Смоленская область Сычевка
1%
7 230 Смоленская область Починок
1%
6 946 Владимирская область Костерево
1%
6 747 Кемеровская область Салаир
1%
6 603 Курганская область Макушино
1%
6 556 Псковская область Новосокольники
1%
6 500 Ивановская область Пучеж
1%
6 356 Нижегородская область Княгинино
1%
6 194 Ульяновская область Сенгилей
1%
5 936 Владимирская область Курлово
1%
5 833 Пензенская область Сурск
1%
5 354 Вологодская область Красавино
1%
5 261 Кировская область Мураши
1%
4 775 Саратовская область Шиханы
1%
4 558 Калужская область Спас-Деменск
1%
4 261 Калужская область Мосальск
1%
4 168 Сахалинская область Томари
1%
3 908 Вологодская область Кадников
1%
3 818 Смоленская область Духовщина
1%
3 689 Калужская область Мещовск
1%
2 825 Пермский край Чермоз
1%
No matching quizzes found
Score Distribution
Percent of People with Each Score
Percentile by Number Answered
Your Score History
You have not taken this quiz since the last reset